Inside Comprehension. (Record no. 1252)
[ view plain ]
| 000 -LEADER | |
|---|---|
| fixed length control field | 00352nam a22001217a 4500 |
| 005 - DATE AND TIME OF LATEST TRANSACTION | |
| control field | 20200826153909.0 |
| 008 - FIXED-LENGTH DATA ELEMENTS--GENERAL INFORMATION | |
| fixed length control field | 200826b ||||| |||| 00| 0 eng d |
| 020 ## - INTERNATIONAL STANDARD BOOK NUMBER | |
| International Standard Book Number | 0521276675 |
| 040 ## - CATALOGING SOURCE | |
| Transcribing agency | CML |
| 245 ## - TITLE STATEMENT | |
| Title | Inside Comprehension. |
| Statement of responsibility, etc. | Woodland, C. |
| 260 ## - PUBLICATION, DISTRIBUTION, ETC. | |
| Place of publication, distribution, etc. | Cambridge |
| Name of publisher, distributor, etc. | Cambridge University Press |
| Date of publication, distribution, etc. | 1984 |
| 942 ## - ADDED ENTRY ELEMENTS (KOHA) | |
| Source of classification or shelving scheme | Dewey Decimal Classification |
| Koha item type | Books |
| Classification part | 420.7 |
| Call number suffix | WOO |
| Withdrawn status | Lost status | Source of classification or shelving scheme | Damaged status | Not for loan | Collection code | Home library | Current library | Shelving location | Date acquired | Total Checkouts | Full call number | Date last seen | Price effective from | Koha item type |
|---|---|---|---|---|---|---|---|---|---|---|---|---|---|---|
| Dewey Decimal Classification | Language | Chalimbana Main Library | Chalimbana Main Library | Language | 08/26/2020 | 420.7 WOO | 08/26/2020 | 08/26/2020 | Books |